000 00436nab a2200145Ia 4500
003 ES-SlBCS
005 20210601124009.0
008 140529s2001 xxu||||| |||| 00| 0 eng d
041 _aeng
100 1 _aConn, Christopher
_9133249
245 0 0 _aChisholm, Internalism, and Knowing
_c Cristopher Conn
651 4 _aChisholm
_9133250
773 0 _tAmerican Philosophical Quarterly
_gvol. 38, nº. 4, 2001, págs. 333
_wRev1386
942 _cAR
999 _c507514
_d507514